000 00562cam a22002172a 4500
001 024949
003 AR-FADEU
008 311216n1991####xxu####################dd
020 _a950-602-224-7
092 _a144
_bB116
_eBDT
100 _aBaczko, Bronislaw
245 _aLos imaginarios sociales : memorias y esperanzas colectivas
260 _aBuenos Aires
260 _bNueva Visión
260 _c1991
300 _a199 p
440 _aCultura y sociedad
500 _aIncluye bibliografía
650 _aIMAGINARIOS SOCIALES/BDT/
942 _cBDT
999 _c30635
_d30635